Bài tập hóa học 9

Gespeichert in:
Bibliographische Detailangaben
1. Verfasser: Lê, Xuân Trọng
Weitere Verfasser: Ngô, Ngọc An
Format: Buch
Sprache:Undetermined
Veröffentlicht: H. Giáo dục 2006
Schlagworte:
Online Zugang:http://lrc.tdmu.edu.vn/opac/search/detail.asp?aID=2&ID=4936
Tags: Tag hinzufügen
Keine Tags, Fügen Sie den ersten Tag hinzu!
Thư viện lưu trữ: Trung tâm Học liệu Trường Đại học Thủ Dầu Một
LEADER 00632nam a2200205Ia 4500
001 TDMU_4936
008 210410s9999 xx 000 0 und d
082 |a 540.76 
090 |b L250 
100 |a Lê, Xuân Trọng 
245 0 |a Bài tập hóa học 9 
245 0 |c Lê Xuân Trọng 
260 |a H. 
260 |b Giáo dục 
260 |c 2006 
300 |a 144tr 
650 |a Sách lớp 9  |v Bài tập; Hóa học  |x Dạy và học 
700 |a Ngô, Ngọc An 
856 |u http://lrc.tdmu.edu.vn/opac/search/detail.asp?aID=2&ID=4936 
980 |a Trung tâm Học liệu Trường Đại học Thủ Dầu Một